| 000 | 00476nam a2200145Ia 4500 | ||
|---|---|---|---|
| 008 | 180921t1892 xxu||||| ||||o00| 0 eng d | ||
| 041 | _aeng | ||
| 245 | _aSessional Papers.Ceylon.Papers Laid Before The Legislative Council of Ceylon During The Session of 1892 : Proceedings of The Legislative Council of Ceylon | ||
| 260 | _c1892 | ||
| 300 | _ap.v-xxx, 33 cm | ||
| 500 | _aSessional Papers -1892. | ||
| 942 | _cBK | ||
| 999 |
_c54472 _d54472 |
||
| 003 | LK-CoDNM | ||
| 040 |
_aLK-CoDNM _dLK-CoDNM _eLK-CoDNM |
||